| 000 | 00730nam a2200289Ia 4500 | ||
|---|---|---|---|
| 003 | OSt | ||
| 005 | 20221007103807.0 | ||
| 006 | a|||||r|||| 00| 0 | ||
| 007 | ta | ||
| 008 | 221006b |||||||| |||| 00| 0 eng d | ||
| 020 | _a817177170X | ||
| 024 | _a14,069 | ||
| 037 | _cTextual | ||
| 040 |
_aLCO _cLCO _beng |
||
| 041 |
_2eng _aeng |
||
| 082 | _aZ2,98:12, N9 | ||
| 100 |
_aDeSouza _9350623 |
||
| 245 | 0 | _aConveyancing | |
| 250 | _a13th | ||
| 260 |
_aNew _bDelhi Eastern Law House India _c1999 |
||
| 300 | _a1448 | ||
| 650 |
_aCONVEYANCING _9684594 |
||
| 700 | _a Das M.N. | ||
| 700 | _a Datta C.R. | ||
| 942 |
_hZ2,98:12, N9 _cTEXL |
||
| 999 |
_c1183632 _d1183632 |
||